Context and beyond : reframing the theory and practice of education

Saved in:
Bibliographic Details
Main Author: Seddon, Terri
Format: Book
Language:English
Published: London ; Washington, D.C. : The Falmer Press, 1994
Subjects:
Tags: Add Tag
No Tags, Be the first to tag this record!

MARC

LEADER 00000nam a2200000 i 4500
001 1/22518
008 980515s1994 eng d
020 |a 0-7507-0181-1 
035 |l 10036584 
035 |a 1995  |b 3  |c Χιωτάκης 
040 |a GR-MY-UA  |b gre  |e aacr 
041 0 |a eng 
082 0 |a 370.994  |2 (20) 
100 1 |a Seddon, Terri. 
245 1 0 |a Context and beyond :  |b reframing the theory and practice of education /  |c Terri Seddon 
260 |a London ; Washington, D.C. :   |b The Falmer Press,   |c 1994 
300 |a viii, 222 p.;  |b ill.;  |c 24 cm 
500 |a "July 1993." 
504 |a Includes bibliographical references and index 
650 0 0 |a Education  |z Australia  |x History. 
650 0 0 |a Educational change  |z Australia  |x Case studies. 
650 0 0 |a Education  |x Social aspects  |z Australia. 
852 |a INST  |b RHODES  |e 19980515  |h 370.994 SED  |p 005400011657  |q 005400011657  |t BK  |y 0 
909 |a Ρ  |b 043467  |c 1995